LoRusso's Beowulf quiz Stats

Quiz not verified by Sporcle

Challenge
Share
Tweet
Embed
Score 0/15 Timer 10:00
0 Plays Today
Hint Answer % Correct
Who takes Beowulf's place after he dies?Wiglaf
94.1%
Who is Grendel a descnedent of?Cain
82.4%
Who does Beowulf come to help?Hrothgar
82.4%
Hrothgar is the king of the....?Danes
80%
What type of language is used to write the poem?old english
68.8%
what is the name of the mead hall?Herot
66.7%
What is Beowulf's swords name?Hrunting
58.8%
What time period? (not year)Anglo-Saxon
56.3%
Hint Answer % Correct
How many geats does Grendel kill?one
52.9%
Where do the geats live?Geatland
50%
Where is Grendel's mom?a lake
47.1%
Who helps Beowulf fight the dragon?Wiglaf again
23.5%
What tyoe of poem is it?an elegy
18.8%
What is Beowulfs reason for fighting?Kinship and Fame
13.3%
How does Beowulf die?Bitten by dragon
13.3%

You're not logged in!

Compare scores with friends on all Sporcle quizzes.
Sign Up with Email
OR
Log In

You Might Also Like...

Show Comments

Extras

Top Quizzes Today


Score Distribution

Your Account Isn't Verified!

In order to create a playlist on Sporcle, you need to verify the email address you used during registration. Go to your Sporcle Settings to finish the process.